000 00367nam a2200133Ia 4500
003 GCL
008 140319s9999 xx 000 0 ara d
040 _aGCL /
_cGCL
082 0 4 _a953.021
_bف ا
245 1 0 _aام القرى مكة المكرمة
260 _a[S.N] :
_bمؤسسة المعارف للطباعة والنشر ،
_c1981
300 _a278 ص
490 _a
999 _c54943
_d54943